000 00896nam a22001817a 4500
003 OSt
005 20250925164624.0
008 250925b |||||||| |||| 00| 0 eng d
040 _cDCL
082 _a၂၉၄.၃၄၂
100 0 _aဣန္ဒကာဘိဝံသ၊ အရှင်
_91292
245 1 0 _aညဉ့်ဦးယံ ဓမ္မသံစဉ်များ
_n(ဒုတိယတွဲ)/
_cအရှင်ဣန္ဒကာဘိဝံသ(မြစကြာဆရာတော်)။
264 _aရန်ကုန် ၊
_bလင်းလွန်းခင်စာပေ၊
_c၂၀၁၇။
300 _a၃၈၀ စာမျက်နှာ ၊
_c၂၆ စင်တီ။
504 _aကျမ်းကိုးစာရင်းပါဝင်သည်။
650 _aဗုဒ္ဓဘာသာ
_xတရားတော်
942 _2ddc
_cSHORT TERM
_n0
999 _c2251
_d2251